| 000 | 01044cab a22001935a 4500 | ||
|---|---|---|---|
| 001 | L142947 | ||
| 008 | 080325s2008 xxk f 000 0 eng d | ||
| 035 | _a(Sirsi) u142947 | ||
| 041 | 0 | _aeng | |
| 100 | 1 | _aOrchard, William | |
| 245 | 0 | 0 | _aHarness this heat |
| 260 | _c2008 | ||
| 490 | 0 |
_aBuilding Services Journal _v30(3) March 2008, 38-41(4) |
|
| 520 | _aQuestions whether piped waste heat from electricity generation is the most sustainable option for the UK. Instead of considering city-wide Combined Heat and Power (CHP) systems and piped heat supplies, government has focused on small and micro CHP systems and ignored the potential of the large systems. Article illustrates the cost, security of supply and environmental advantages of city-wide CHP. Table shows the carbon dioxide footprints of different heating systems. | ||
| 590 | _aKA | ||
| 651 | 4 |
_aUnited Kingdom _y |
|
| 690 | _aBUILT ENVIRONMENT-BUILDING ELEMENTS-COMPLETE BUILDING SERVICES ELEMENTS-COMPLETE HEATING, VENTILATION AND AIR CONDITIONING SYSTEMS | ||
| 942 | _n0 | ||
| 999 |
_c79984 _d79984 |
||